Visages de la civilisation au Canada francais /

Saved in:
Bibliographic Details
Corporate Author: Royal Society of Canada
Other Authors: Lamontagne, Leopold
Format: Book
Language:Undetermined
Published: Toronto : les Presses de l'Universite Laval et University of Toronto Press, 1970.
Series:Royal Society of Canada. Studia varia ; 13
Subjects:
LEADER 00956nam a22002171a 4500
001 c000030469
003 CARM
005 00000000000000.0
008 890401s1970 cn 0001 und d
019 1 |a 8743763  |z 9549174  |5 LACONCORD2021 
035 |a (OCoLC)245882  |5 LACONCORD2021 
245 0 0 |a Visages de la civilisation au Canada francais /  |c etudes rassemblees par la Societe royale du Canada ; Leopold Lamontagne, editeur. 
260 |a Toronto :  |b les Presses de l'Universite Laval et University of Toronto Press,  |c 1970. 
300 |a viii, 130 p. :  |b illus. 
440 0 |a Royal Society of Canada. Studia varia ;  |v 13 
650 0 |a French-Canadians. 
700 1 |a Lamontagne, Leopold, 
710 2 0 |a Royal Society of Canada. 
852 8 |b CARM  |h A2:AE16E0  |i C00827  |p 0054066  |f BK 
999 f f |i f8a00f20-43a7-5f8b-8c58-a982a6207f79  |s 88f3d871-dbc7-587c-a7d8-db41b75e4590 
952 f f |p Can circulate  |a CAVAL  |b CAVAL  |c CAVAL  |d CARM 1 Store  |e C00827  |f A2:AE16E0  |h Other scheme  |i book  |m 0054066